000 00342nam a2200121Ia 4500
008 170224s9999 xx 000 0 und d
245 _aImpact of deployment on military families with young children: A systematic review
260 _bNursing Outlook
260 _c2015
300 _a63:6
500 _aNovember/December
650 _xNursing.
999 _c317047
_d317047